000 00743cam a22002294a 4500
001 11984203
005 20170829105845.0
008 000424s2000 ctua b 001 0 eng
020 _a1567204147 (alk. paper)
040 _cPK-LaUMT
082 0 0 _a658.408
_221
_bQUA-B
100 1 _aQuarter, Jack
245 1 0 _aBeyond the bottom line :
_bsocially innovative business owners /
_cJack Quarter
260 _aWestport, Conn. :
_bQuorum Books ,
_c2000
300 _axii, 203 p. :
_bill. ;
_c24 cm.
650 0 _aSocial responsibility of business
650 0 _aIndustrial management
_xSocial aspects
650 0 _aIndustrial management
_xEmployee participation
650 0 _aBusinesspeople
_xAttitudes
650 0 _aBusiness ethics
942 _cBK
999 _c97728
_d97728